[Event "Amber-blind 6th"]
[Site "Monte Carlo"]
[Date "1997.??.??"]
[Round "2"]
[White "Ivanchuk, Vassily"]
[Black "Anand, Viswanathan"]
[Result "1-0"]
[WhiteElo "2740"]
[BlackElo "2765"]
[PlyCount "65"]
[EventDate "1997.04.18"]
[Source "ChessBase"]

1. e4 c5 2. Nf3 d6 3. d4 cxd4 4. Nxd4 Nf6 5. Nc3 Nc6 6. Be2 g6 7. Be3 Bg7 8. Qd2 O-O 9. O-O-O Bd7 10. Kb1 Rc8 11. f4 a6 12. Rhe1 b5 13. Bf3 Qc7 14. Nb3 b4 15. Na4 Rb8 16. e5 dxe5 17. Nac5 Bc8 18. Bxc6 Qxc6 19. fxe5 Ng4 20. Bf4 Rb5 21. Nd3 Qc4 22. h3 a5 23. Nbc1 Rd5 24. b3 Qb5 25. hxg4 Bxg4 26. Bh6 Bxd1 27. Rxd1 Rc8 28. Bxg7 Kxg7 29. Ne2 Qc6 30. Rh1 h5 31. Rh4 Rdd8 32. g4 hxg4 33. Qh6+ 1-0

[Event "Istanbul (ol)"]
[Site "?"]
[Date "2000.??.??"]
[Round "?"]
[White "Ye, Jiangchuan"]
[Black "Fedorov, Alex"]
[Result "1-0"]
[WhiteElo "2670"]
[BlackElo "2645"]
[PlyCount "75"]
[EventDate "2000.??.??"]
[Source "Chess Informant"]
[SourceDate "2000.10.01"]

1. e4 c5 2. Nf3 Nc6 3. Nc3 g6 4. d4 cxd4 5. Nxd4 Bg7 6. Be3 Nf6 7. Bc4 O-O 8. Bb3 d6 9. h3 Na5 10. O-O b6 11. Re1 Bb7 12. Bg5 h6 13. Bh4 Nxb3 14. axb3 a6 15. Nd5 Nxd5 16. exd5 Re8 17. c4 Qd7 18. Qd3 Kh7 19. Rad1 e6 20. dxe6 fxe6 21. Nf3 Bxf3 22. Qxf3 Bxb2 23. Bg3 Ba3 24. Re4 Qe7 25. Bxd6 Bxd6 26. Rxd6 Qxd6 27. Qf7+ Kh8 28. Qf6+ Kh7 29. Qf7+ Kh8 30. Rh4 Qf8 31. Qxg6 Qg7 32. Rxh6+ Kg8 33. Qh5 Qa1+ 34. Kh2 Kf8 35. Qh4 Rad8 36. Rh8+ Kf7 37. Qf4+ Kg6 38. Qh6+ 1-0

[Event "Koge op"]
[Site "Koge"]
[Date "1997.??.??"]
[Round "7"]
[White "Yakovich, Yuri"]
[Black "Sadler, Matthew"]
[Result "1/2-1/2"]
[WhiteElo "2615"]
[BlackElo "2665"]
[PlyCount "65"]
[EventDate "1997.??.??"]
[Source "www.chesslib.no"]
[SourceDate "2004.05.04"]

1. e4 c5 2. Nc3 d6 3. f4 g6 4. Nf3 Bg7 5. d4 cxd4 6. Nxd4 Nc6 7. Be3 Nf6 8. Be2 O-O 9. Nb3 Be6 10. g4 d5 11. f5 Bc8 12. exd5 Nb4 13. Bf3 gxf5 14. a3 fxg4 15. Bg2 Na6 16. Qd3 Qd6 17. O-O-O Nh5 18. h3 Nf4 19. Qe4 Nxg2 20. hxg4 Qg6 21. Qxg2 Bxg4 22. Rdg1 h5 23. Ne2 Rac8 24. Nf4 Qf6 25. Nd4 Qe5 26. Kd2 Rxc2+ 27. Kxc2 Qxe3 28. Nxh5 Bf5+ 29. Nxf5 Rc8+ 30. Kb1 Qd3+ 31. Ka2 Nb4+ 32. axb4 Qc4+ 33. Kb1 1/2-1/2

[Event "Beijing (open)"]
[Site "?"]
[Date "1997.??.??"]
[Round "?"]
[White "Oll, L."]
[Black "Alterman, B."]
[Result "1/2-1/2"]
[WhiteElo "2645"]
[BlackElo "2615"]
[PlyCount "49"]
[EventDate "1997.??.??"]
[Source "ChessBase"]
[SourceDate "1997.06.01"]

1. e4 c5 2. Nf3 Nc6 3. d4 cxd4 4. Nxd4 Nf6 5. Nc3 d6 6. h3 g6 7. Be3 Bg7 8. Bc4 O-O 9. Bb3 Na5 10. Qd2 Nxb3 11. axb3 d5 12. e5 Ne4 13. Nxe4 dxe4 14. Bf4 Qb6 15. Qe3 f6 16. Qxe4 fxe5 17. Bxe5 Bf5 18. Qd5+ e6 19. Qa5 Bxe5 20. Qxe5 Bxc2 21. Nxc2 Qxf2+ 22. Kd1 Rac8 23. Qe4 Rfd8+ 24. Kc1 e5 25. Rd1 1/2-1/2

[Event "Russia (ch)"]
[Site "?"]
[Date "1995.??.??"]
[Round "?"]
[White "Glek, I."]
[Black "Khalifman, A."]
[Result "1/2-1/2"]
[WhiteElo "2580"]
[BlackElo "2655"]
[PlyCount "57"]
[EventDate "1995.??.??"]
[Source "ChessBase"]
[SourceDate "1995.10.01"]

1. e4 c5 2. Nf3 d6 3. d4 cxd4 4. Nxd4 Nf6 5. Nc3 Nc6 6. Be2 g6 7. Be3 Bg7 8. Qd2 O-O 9. O-O-O Nxd4 10. Bxd4 Be6 11. Kb1 Qa5 12. a3 Rfc8 13. Bxf6 Bxf6 14. Nd5 Qxd2 15. Nxf6+ Kg7 16. Nh5+ gxh5 17. Rxd2 h4 18. g3 Kf6 19. Rd3 Bc4 20. Rf3+ Kg7 21. Bxc4 Rxc4 22. gxh4 Rac8 23. Rg1+ Kf8 24. Rfg3 Ke8 25. Rg8+ Kd7 26. Rxc8 Kxc8 27. f3 f5 28. exf5 Rf4 29. Rg8+ 1/2-1/2

[Event "Ch (R"]
[Site "Ch Russia, Elista (R"]
[Date "1995.??.??"]
[Round "?"]
[White "Glek, Igor V"]
[Black "Khalifman, Alexander V"]
[Result "1/2-1/2"]
[WhiteElo "2590"]
[BlackElo "2635"]
[PlyCount "57"]
[EventDate "1995.??.??"]
[Source "www.chesslib.no"]
[SourceDate "2004.05.04"]

1. e4 c5 2. Nf3 d6 3. d4 Nf6 4. Nc3 cxd4 5. Nxd4 Nc6 6. Be2 g6 7. Be3 Bg7 8. Qd2 O-O 9. O-O-O Nxd4 10. Bxd4 Be6 11. Kb1 Qa5 12. a3 Rfc8 13. Bxf6 Bxf6 14. Nd5 Qxd2 15. Nxf6+ Kg7 16. Nh5+ gxh5 17. Rxd2 h4 18. g3 Kf6 19. Rd3 b5 20. Re3 Rab8 21. Bf3 Rc4 22. Bh5 Ra8 23. Rg1 Kg5 24. Rf3 Bd7 25. Bxf7 Be6 26. Rh1 Rc6 27. Re3 Bc4 28. Rc3 Bb3 29. Bh5 1/2-1/2

[Event "Biel"]
[Site "?"]
[Date "1991.??.??"]
[Round "?"]
[White "Adams, M."]
[Black "Shirov, A."]
[Result "0-1"]
[WhiteElo "2615"]
[BlackElo "2610"]
[PlyCount "56"]
[EventDate "1991.??.??"]
[Source "ChessBase"]
[SourceDate "1991.06.01"]

1. e4 c5 2. Nf3 d6 3. d4 cxd4 4. Nxd4 Nf6 5. Nc3 g6 6. Bc4 Bg7 7. O-O O-O 8. h3 Nc6 9. Be3 Nxe4 10. Bxf7+ Kxf7 11. Nxe4 Nxd4 12. Bxd4 e5 13. Be3 d5 14. Ng3 Kg8 15. c3 Be6 16. Ne2 g5 17. Qd2 h6 18. h4 gxh4 19. Bxh6 Qf6 20. Bg5 Qg6 21. Bxh4 Rf5 22. f4 Qg4 23. Bg5 Raf8 24. Rf2 d4 25. cxd4 exf4 26. Bxf4 Bc4 27. Be3 Rxf2 28. Bxf2 Bxe2 0-1

[Event "Bad Zwesten op 1st"]
[Site "Bad Zwesten"]
[Date "1997.??.??"]
[Round "6"]
[White "Glek, Igor V"]
[Black "Gurevich, Dmitry"]
[Result "0-1"]
[WhiteElo "2620"]
[BlackElo "2580"]
[PlyCount "67"]
[EventDate "1997.01.02"]
[Source "ChessBase"]

1. e4 c5 2. Nf3 d6 3. d4 Nf6 4. Nc3 cxd4 5. Nxd4 Nc6 6. Be2 g6 7. Be3 Bg7 8. Qd2 O-O 9. O-O-O Nxd4 10. Bxd4 Be6 11. Kb1 Qa5 12. a3 Rfc8 13. Bxf6 Bxf6 14. Nd5 Qxd2 15. Nxf6+ Kg7 16. Nh5+ gxh5 17. Rxd2 Rc5 18. b4 Re5 19. Bd3 f5 20. f4 Rxe4 21. Bxe4 fxe4 22. Rd4 Bf5 23. c4 Kf6 24. Re1 Rg8 25. g3 h4 26. Re3 h5 27. c5 Ke6 28. Kc2 Rg4 29. Kd2 hxg3 30. Rxg3 Rxf4 31. cxd6 exd6 32. Ke3 Rf1 33. Rg2 Rf3+ 34. Ke2 0-1

[Event "Pula"]
[Site "?"]
[Date "1997.??.??"]
[Round "?"]
[White "Glek, I."]
[Black "Smirin, I."]
[Result "1/2-1/2"]
[WhiteElo "2620"]
[BlackElo "2575"]
[PlyCount "48"]
[EventDate "1997.??.??"]
[Source "ChessBase"]
[SourceDate "1997.06.01"]

1. e4 c5 2. Nf3 Nc6 3. d4 cxd4 4. Nxd4 Nf6 5. Nc3 d6 6. Be2 g6 7. Be3 Bg7 8. Qd2 O-O 9. O-O-O Ng4 10. Bxg4 Bxg4 11. f3 Be6 12. Nxc6 bxc6 13. Bh6 Qa5 14. Bxg7 Kxg7 15. a3 Rab8 16. Ne2 Qe5 17. Qd4 f6 18. Rd2 Rb7 19. Qxe5 fxe5 20. Nc3 g5 21. h3 h5 22. Nd1 g4 23. hxg4 hxg4 24. Rd3 gxf3 1/2-1/2

[Event "US Open"]
[Site "Cherry Hill USA"]
[Date "2007.08.05"]
[Round "9"]
[White "Shabalov, A."]
[Black "Kudrin, S."]
[Result "1/2-1/2"]
[WhiteElo "2637"]
[BlackElo "2543"]
[PlyCount "83"]
[EventDate "2007.07.28"]
[Source "www.chesslib.no"]
[SourceDate "2004.05.04"]

1. e4 c5 2. Nf3 d6 3. d4 cxd4 4. Nxd4 Nf6 5. Nc3 g6 6. Be3 a6 7. Be2 Bg7 8. g4 d5 9. Nb3 Nxe4 10. Nxe4 dxe4 11. Qxd8+ Kxd8 12. O-O-O+ Kc7 13. a4 b6 14. a5 bxa5 15. Rd5 Nc6 16. Rc5 Rb8 17. Rd1 a4 18. Bf4+ e5 19. Na5 Bb7 20. Be3 Ba8 21. g5 Rhd8 22. Rxd8 Rxd8 23. Bc4 Bf8 24. Nxc6 Bxc6 25. Ra5 Ra8 26. Rxa6 Rxa6 27. Bxa6 Be7 28. Bc4 f5 29. gxf6 Bxf6 30. Bg8 h6 31. Bxh6 g5 32. Bf8 Kb6 33. Bc4 g4 34. Bh6 Bd7 35. Bd5 Bf5 36. Be3+ Kb5 37. c4+ Kb4 38. Kc2 Be7 39. Bd2+ Kc5 40. b4+ axb3+ 41. Kxb3 Kd4 42. Be3+ 1/2-1/2

[Event "Metz 81/(187)"]
[Site "?"]
[Date "2001.??.??"]
[Round "?"]
[White "Nijboer, F."]
[Black "Eingorn, V."]
[Result "1/2-1/2"]
[WhiteElo "2580"]
[BlackElo "2589"]
[PlyCount "65"]
[EventDate "2001.??.??"]
[Source "Chess Informant"]
[SourceDate "2001.02.01"]

1. e4 c5 2. Nf3 g6 3. d4 Bg7 4. Nc3 cxd4 5. Nxd4 Nc6 6. Be3 Nf6 7. Bc4 O-O 8. Bb3 d6 9. f3 Nxd4 10. Bxd4 Be6 11. Qd2 Rc8 12. O-O-O Bxb3 13. axb3 Rc6 14. Kb1 e6 15. g4 Qa5 16. Na2 Qxd2 17. Rxd2 Ra8 18. Rhd1 Ne8 19. Be3 a5 20. Rd3 b5 21. c3 Kf8 22. Nc1 Rca6 23. Ne2 a4 24. bxa4 Rxa4 25. Bd4 b4 26. Bxg7+ Kxg7 27. Rd4 Ra1+ 28. Kc2 Rxd1 29. Rxd1 bxc3 30. Nxc3 Kf6 31. f4 Ke7 32. Rd3 Ra1 33. Rd1 1/2-1/2

[Event "MK Cafe Cup-A"]
[Site "Koszalin"]
[Date "1998.08.09"]
[Round "7"]
[White "Movsesian, Sergei"]
[Black "Brodsky, Michail"]
[Result "1/2-1/2"]
[WhiteElo "2640"]
[BlackElo "2525"]
[PlyCount "81"]
[EventDate "1998.08.03"]
[Source "ChessBase"]
[SourceDate "1998.09.09"]

1. e4 c5 2. Nf3 d6 3. d4 cxd4 4. Nxd4 Nf6 5. Nc3 Nc6 6. h3 g6 7. Be3 Bg7 8. Bc4 O-O 9. Bb3 Na5 10. f4 Nxb3 11. axb3 b6 12. Qf3 Bb7 13. g4 Qd7 14. O-O-O Rac8 15. g5 Nh5 16. f5 Bxd4 17. Rxd4 Qxf5 18. Qg2 Qe5 19. Rhd1 Rc7 20. h4 Rfc8 21. Kb1 b5 22. Bg1 a6 23. Bh2 Qe6 24. Qd2 Rc5 25. Qe3 a5 26. R1d2 Ng7 27. Qf2 b4 28. Nd5 Bxd5 29. exd5 Qd7 30. Rf4 Rf8 31. Qf3 Nh5 32. Re4 f6 33. Qe3 Rf7 34. Bg1 f5 35. Rc4 Rxc4 36. bxc4 f4 37. Qf3 a4 38. c5 dxc5 39. Bxc5 b3 40. cxb3 Ng3 41. bxa4 1/2-1/2

[Event "ch-AZE"]
[Site "Baku AZE"]
[Date "2008.01.27"]
[Round "8"]
[White "Mamedov, Nid"]
[Black "Mamedov, Rau"]
[Result "0-1"]
[WhiteElo "2574"]
[BlackElo "2583"]
[PlyCount "52"]
[EventDate "2008.01.19"]
[Source "www.chesslib.no"]
[SourceDate "2004.05.04"]

1. e4 c5 2. Nf3 g6 3. d4 cxd4 4. Nxd4 Bg7 5. Nc3 Nc6 6. Be3 Nf6 7. Bc4 O-O 8. Bb3 d6 9. h3 Na5 10. O-O b6 11. Re1 Bb7 12. Bg5 Nxb3 13. axb3 Re8 14. Qd3 a6 15. Re2 h6 16. Bh4 Nh5 17. Rd2 Bxd4 18. Qxd4 e5 19. Qxd6 Qxh4 20. Qxb6 Qg5 21. Rad1 Rab8 22. Qa7 Nf4 23. g3 Nxh3+ 24. Kg2 Nf4+ 25. Kg1 Ne6 26. Rd7 Bc6 0-1

[Event "RUS-Cup4"]
[Site "Perm"]
[Date "1997.02.15"]
[Round "8"]
[White "Yakovich, Yuri"]
[Black "Fedorov, Alexei"]
[Result "1/2-1/2"]
[WhiteElo "2575"]
[BlackElo "2580"]
[PlyCount "31"]
[EventDate "1997.02.02"]
[Source "ChessBase"]

1. e4 c5 2. Nf3 d6 3. d4 cxd4 4. Nxd4 Nf6 5. Nc3 g6 6. Be2 Bg7 7. Be3 Nc6 8. Nb3 O-O 9. f4 Be6 10. g4 Nd7 11. h4 Nb6 12. f5 Bxb3 13. axb3 Nb4 14. h5 d5 15. Na2 Nxa2 16. Rxa2 1/2-1/2

[Event "Chicago Open"]
[Site "Chicago, IL USA"]
[Date "1996.??.??"]
[Round "?"]
[White "De Firmian, Nick E"]
[Black "Kudrin, Sergey"]
[Result "1-0"]
[WhiteElo "2595"]
[BlackElo "2535"]
[PlyCount "79"]
[EventDate "1996.??.??"]
[Source "www.chesslib.no"]
[SourceDate "2004.05.04"]

1. e4 c5 2. Nf3 d6 3. d4 Nf6 4. Nc3 cxd4 5. Nxd4 g6 6. Bc4 Bg7 7. h3 O-O 8. Bb3 Nc6 9. Be3 Na5 10. O-O b6 11. Re1 Bb7 12. Bg5 a6 13. Nd5 e6 14. Nxf6+ Bxf6 15. Bxf6 Qxf6 16. c3 Rfd8 17. Qe2 e5 18. Nc2 Nxb3 19. axb3 d5 20. exd5 Bxd5 21. c4 Bb7 22. Qxe5 Qxe5 23. Rxe5 Rd2 24. Rc1 Kf8 25. b4 Re8 26. Rxe8+ Kxe8 27. c5 bxc5 28. bxc5 Kd7 29. b4 Kc6 30. Kf1 Kb5 31. Ke1 Rd7 32. f3 Bc6 33. Ra1 Bb7 34. Ke2 Kc4 35. Rb1 Kc3 36. Na3 Rd2+ 37. Ke3 Ra2 38. b5 Rxa3 39. c6 Bc8 40. Kf4 1-0

[Event "Open"]
[Site "Mosca RUS"]
[Date "2007.01.31"]
[Round "5"]
[White "Andreikin, D."]
[Black "Korotylev, A."]
[Result "1/2-1/2"]
[WhiteElo "2509"]
[BlackElo "2615"]
[PlyCount "44"]
[EventDate "2007.01.27"]
[Source "www.chesslib.no"]
[SourceDate "2004.05.04"]

1. e4 c5 2. Nf3 Nc6 3. d4 cxd4 4. Nxd4 Nf6 5. Nc3 d6 6. h3 g6 7. Be3 Bg7 8. Bc4 O-O 9. Bb3 Na5 10. O-O b6 11. Qd2 Bb7 12. f3 Rc8 13. Rad1 a6 14. Qf2 Nxb3 15. cxb3 Qc7 16. Qh4 b5 17. a3 Rfd8 18. Rfe1 Ba8 19. Bh6 Qc5 20. Bxg7 Kxg7 21. b4 Qb6 22. Qf2 Kg8 1/2-1/2

[Event "LADAC/CAPA"]
[Site "?"]
[Date "1998.10.04"]
[Round "?"]
[White "Toro Solis de Ovando Guillerm"]
[Black "Pietrobono Alfredo Manuel (AR"]
[Result "1-0"]
[WhiteElo "2556"]
[BlackElo "2544"]
[PlyCount "75"]
[EventDate "1998.??.??"]
[Source "www.chesslib.no"]
[SourceDate "2004.05.04"]

1. e4 c5 2. Nf3 d6 3. d4 cxd4 4. Nxd4 Nf6 5. Nc3 g6 6. Be3 a6 7. f3 Qc7 8. Qd2 e5 9. g4 exd4 10. Bxd4 Bg7 11. g5 Nbd7 12. gxf6 Nxf6 13. Nd5 Nxd5 14. Bxg7 Rg8 15. Bh6 Ne7 16. Bf4 Be6 17. Bxd6 Qb6 18. O-O-O Rd8 19. Qd4 Qa5 20. a3 Nc8 21. e5 f6 22. f4 Rg7 23. Bc4 Re7 24. Qe3 Nxd6 25. exd6 Rxd6 26. Rxd6 Bxc4 27. Qd2 Qxd2+ 28. Kxd2 Re2+ 29. Kd1 Ke7 30. Rb6 Bd5 31. Kxe2 Bxh1 32. b4 Bc6 33. c4 g5 34. b5 axb5 35. cxb5 Bh1 36. fxg5 fxg5 37. Rh6 Be4 38. a4 1-0

[Event "ch-CRO"]
[Site "Split CRO"]
[Date "2008.01.24"]
[Round "8"]
[White "Brkic, A."]
[Black "Jankovic, A."]
[Result "1-0"]
[WhiteElo "2558"]
[BlackElo "2541"]
[PlyCount "59"]
[EventDate "2008.01.16"]
[Source "www.chesslib.no"]
[SourceDate "2004.05.04"]

1. e4 c5 2. Nf3 d6 3. d4 cxd4 4. Nxd4 Nf6 5. Nc3 Nc6 6. Be2 g6 7. Be3 Bg7 8. Qd2 O-O 9. O-O-O Ng4 10. Bxg4 Bxg4 11. f3 Be6 12. Nxe6 fxe6 13. Bh6 Qa5 14. Bxg7 Kxg7 15. h4 h6 16. f4 b5 17. Kb1 b4 18. Ne2 Qc5 19. Rh3 Kh7 20. Qd3 e5 21. h5 exf4 22. hxg6+ Kg7 23. Rdh1 Ne5 24. Qd1 Nxg6 25. Nd4 Kf7 26. Rh5 Ne5 27. Rf5+ Kg8 28. Ne6 Qe3 29. Rxe5 dxe5 30. Qg4+ 1-0

[Event "BUL Team Ch"]
[Site "Sofia BUL"]
[Date "1991.??.??"]
[Round "5"]
[White "Ermenkov, Evgenij P"]
[Black "Georgiev, Kiril D"]
[Result "0-1"]
[WhiteElo "2510"]
[BlackElo "2585"]
[PlyCount "64"]
[EventDate "1991.??.??"]
[Source "www.chesslib.no"]
[SourceDate "2004.05.04"]

1. e4 c5 2. Nf3 d6 3. d4 cxd4 4. Nxd4 Nf6 5. Nc3 g6 6. Be2 Bg7 7. h4 Nc6 8. Be3 h5 9. f3 O-O 10. Qd2 d5 11. Nxc6 bxc6 12. e5 Ne8 13. g4 Bxe5 14. gxh5 Bf5 15. hxg6 fxg6 16. O-O-O Ng7 17. h5 Qa5 18. hxg6 Ne6 19. f4 Bg7 20. Bd3 Bxd3 21. cxd3 Rf5 22. Rh7 Nf8 23. Rxg7+ Kxg7 24. Qg2 Qb4 25. Rh1 Nxg6 26. a3 Qd6 27. Bd4+ Kf7 28. Rh7+ Ke8 29. Be5 Nxe5 30. fxe5 Qxe5 31. Qg8+ Rf8 32. Qg6+ Kd7 0-1

[Event "II Open ROMGAZ"]
[Site "Bucarest ROM"]
[Date "2008.09.16"]
[Round "6"]
[White "Kononenko, Dmitry1"]
[Black "Miroshnichenko, E."]
[Result "1-0"]
[WhiteElo "2502"]
[BlackElo "2593"]
[PlyCount "105"]
[EventDate "2008.09.11"]
[Source "www.chesslib.no"]
[SourceDate "2004.05.04"]

1. e4 c5 2. Nf3 d6 3. d4 cxd4 4. Nxd4 Nf6 5. Nc3 Nc6 6. Be2 g6 7. Be3 Bg7 8. Qd2 O-O 9. O-O-O Nxd4 10. Bxd4 Be6 11. Kb1 b5 12. Bxb5 Rb8 13. Ba4 Rb4 14. Qe2 Bc4 15. Qe1 Qb8 16. Bb3 Rc8 17. e5 Ng4 18. exd6 Bxb3 19. axb3 Rxd4 20. Rxd4 Bxd4 21. Nd5 Rxc2 22. Kxc2 Qxd6 23. Nxe7+ Kf8 24. Qe2 Nxf2 25. Re1 Qc5+ 26. Qc4 Ng4 27. Qxc5 Bxc5 28. Nd5 Nxh2 29. b4 Bf2 30. Rh1 Ng4 31. Rxh7 Ne3+ 32. Nxe3 Bxe3 33. Kd3 Bb6 34. Ke4 Ke7 35. Ke5 Bc7+ 36. Kd5 Bb6 37. Ke5 Bc7+ 38. Kd5 Bb6 39. b5 Kf6 40. b4 Ke7 41. Rh4 f5 42. Rc4 Kf7 43. Rc6 Kg7 44. Ke6 Bg1 45. Rc7+ Kh6 46. Kf7 Kh5 47. Rc1 Bf2 48. Rh1+ Kg4 49. Kxg6 f4 50. Rh5 Kg3 51. Rg5+ Kh2 52. Kf5 Bg3 53. Rg4 1-0

[Event "Jersey Open"]
[Site "Jersey"]
[Date "2003.02.21"]
[Round "6"]
[White "Hector, Jonny"]
[Black "Ward, Christopher"]
[Result "1/2-1/2"]
[WhiteElo "2570"]
[BlackElo "2513"]
[PlyCount "112"]
[EventDate "2003.02.16"]
[Source "Roberto Alvarez"]
[SourceDate "2003.02.24"]

1. e4 c5 2. Nf3 g6 3. d4 cxd4 4. Nxd4 Bg7 5. Nc3 Nc6 6. Be3 Nf6 7. Bc4 O-O 8. Bb3 d6 9. h3 Na5 10. O-O b6 11. Re1 Bb7 12. Bg5 h6 13. Bh4 Rc8 14. Nd5 e6 15. Nxf6+ Bxf6 16. Bxf6 Qxf6 17. c3 Rfd8 18. Qe2 Kg7 19. Rf1 e5 20. Nc2 Qf4 21. Rfe1 h5 22. Nb4 Nxb3 23. axb3 a5 24. Nd5 Bxd5 25. exd5 Rc5 26. Red1 Qf5 27. Ra4 Qd7 28. Rd3 Re8 29. Qd1 f5 30. Qd2 Qb5 31. c4 Qd7 32. Ra1 Rec8 33. Re3 Qe7 34. f4 e4 35. g4 hxg4 36. hxg4 Rh8 37. gxf5 gxf5 38. Qc3+ Qf6 39. Rg3+ Kf7 40. b4 Qxc3 41. bxc3 Rxc4 42. bxa5 Ra8 43. Ra2 e3 44. Rxe3 bxa5 45. Re6 Rxc3 46. Rxd6 Rc4 47. Rd7+ Kf6 48. Rd6+ Ke7 49. Rh6 Rxf4 50. Rc2 Rg8+ 51. Kh2 Rd4 52. Rc7+ Kd8 53. Ra7 Rd2+ 54. Kh1 Rd1+ 55. Kh2 Rd2+ 56. Kh1 Rd1+ 1/2-1/2

[Event "Warsaw zt-A"]
[Site "Warsaw"]
[Date "1987.??.??"]
[Round "?"]
[White "Mokry, Karel"]
[Black "Georgiev, Kiril"]
[Result "1/2-1/2"]
[WhiteElo "2485"]
[BlackElo "2590"]
[PlyCount "35"]
[EventDate "1987.02.??"]
[Source "ChessBase"]

1. e4 c5 2. Nf3 d6 3. d4 cxd4 4. Nxd4 Nf6 5. Nc3 g6 6. Be3 Bg7 7. h3 O-O 8. Qd2 a6 9. g4 b5 10. Bg2 Bb7 11. O-O Nbd7 12. e5 dxe5 13. Ne6 fxe6 14. Bxb7 Rb8 15. Bg2 e4 16. Rad1 Ne5 17. Qxd8 Rbxd8 18. Nxe4 1/2-1/2

[Event "Memorial Najdorf - Open"]
[Site "Varsavia POL"]
[Date "2008.08.10"]
[Round "9"]
[White "Gdanski, J."]
[Black "Zhigalko, A."]
[Result "0-1"]
[WhiteElo "2523"]
[BlackElo "2551"]
[PlyCount "83"]
[EventDate "2008.08.02"]
[Source "www.chesslib.no"]
[SourceDate "2004.05.04"]

1. e4 c5 2. Nc3 g6 3. Nf3 Bg7 4. d4 cxd4 5. Nxd4 Nc6 6. Be3 Nf6 7. Bc4 d6 8. h3 O-O 9. O-O Bd7 10. Bb3 Rc8 11. f4 Qa5 12. Qf3 Nxd4 13. Bxd4 Bc6 14. Rae1 Nd7 15. Bxg7 Kxg7 16. Nd5 Rfe8 17. c3 Qc5+ 18. Rf2 a5 19. f5 Kh8 20. Nf4 Ne5 21. Qe3 Qxe3 22. Rxe3 Kg7 23. Bd5 b5 24. Rg3 Kh6 25. fxg6 hxg6 26. Nd3 Nxd3 27. Rxd3 f6 28. Rg3 Bd7 29. Bf7 Rf8 30. Bb3 Rc5 31. Bd5 Rfc8 32. Kh2 Bc6 33. b4 axb4 34. cxb4 Rc1 35. Be6 Rc7 36. Bf5 gxf5 37. Rf4 Kh5 38. Rxf5+ Kh6 39. Rf4 Be8 40. Rh4+ Bh5 41. Rg8 Rc8 42. g4 0-1

[Event "Hastings 8687"]
[Site "Hastings"]
[Date "1986.??.??"]
[Round "?"]
[White "Mestel, A Jonathan"]
[Black "Larsen, Bent"]
[Result "1/2-1/2"]
[WhiteElo "2505"]
[BlackElo "2565"]
[PlyCount "115"]
[EventDate "1986.12.??"]
[Source "ChessBase"]

1. e4 c5 2. Nf3 Nc6 3. d4 cxd4 4. Nxd4 g6 5. Nc3 Bg7 6. Be3 Nf6 7. Bc4 O-O 8. Bb3 d6 9. h3 a5 10. a4 Nxd4 11. Bxd4 Be6 12. Bxe6 fxe6 13. Qd2 Rc8 14. O-O Rc4 15. Rfe1 Qd7 16. Nb5 Rfc8 17. Qxa5 e5 18. Bb6 Rxc2 19. Na7 Ra8 20. Qb4 Qe6 21. Rac1 Rxc1 22. Rxc1 d5 23. exd5 Nxd5 24. Qb3 Kf7 25. Be3 Nxe3 26. Qxe3 e4 27. b4 Bf6 28. Nb5 Rd8 29. Re1 Qa2 30. Nc3 Qb2 31. Nxe4 Qxb4 32. Nxf6 exf6 33. Qe6+ Kg7 34. Qe7+ Qxe7 35. Rxe7+ Kh6 36. Rxb7 Rd1+ 37. Kh2 Ra1 38. Rb4 f5 39. Kg3 Ra3+ 40. Kf4 Ra2 41. Ke3 Ra3+ 42. Kd4 Ra2 43. Kc5 Rxf2 44. a5 Rxg2 45. a6 Ra2 46. Kb5 Kg5 47. Ra4 Rb2+ 48. Kc6 Rb8 49. a7 Ra8 50. Kb7 Rf8 51. a8=Q Rxa8 52. Rxa8 Kh4 53. Kc6 Kxh3 54. Kd5 g5 55. Rh8 Kg2 56. Rxh7 g4 57. Rf7 g3 58. Rxf5 1/2-1/2

[Event "Lewkowitz Memorial B"]
[Site "Lewkowitz Memorial B"]
[Date "1994.??.??"]
[Round "?"]
[White "Echeguren, Gustavo"]
[Black "Enricci, Juan Andres"]
[Result "1/2-1/2"]
[WhiteElo "2565"]
[BlackElo "2505"]
[PlyCount "54"]
[EventDate "1994.??.??"]
[Source "www.chesslib.no"]
[SourceDate "2004.05.04"]

1. e4 c5 2. Nf3 Nc6 3. d4 cxd4 4. Nxd4 g6 5. Nc3 Bg7 6. Be3 Nf6 7. Bc4 O-O 8. O-O d6 9. h3 Bd7 10. Bb3 Rc8 11. Re1 Na5 12. Qd2 Nc4 13. Bxc4 Rxc4 14. Rad1 a6 15. Nd5 Nxd5 16. exd5 e5 17. dxe6 fxe6 18. b3 Rc8 19. c4 Qe7 20. Qb4 Bc6 21. Re2 Rf7 22. Nxc6 Rxc6 23. Red2 Bf8 24. Rd4 Qc7 25. Qd2 b5 26. Re4 Qc8 27. Qe2 bxc4 1/2-1/2

[Event "RUS-Cup8"]
[Site "Smolensk"]
[Date "1997.??.??"]
[Round "2"]
[White "Yakovich, Yuri"]
[Black "Zagrebelny, Sergey"]
[Result "1-0"]
[WhiteElo "2575"]
[BlackElo "2480"]
[PlyCount "45"]
[EventDate "1997.06.13"]
[Source "ChessBase"]
[SourceDate "1997.07.29"]

1. e4 c5 2. Nc3 d6 3. f4 g6 4. Nf3 Bg7 5. d4 cxd4 6. Nxd4 Nc6 7. Be3 Nf6 8. Be2 O-O 9. Nb3 Be6 10. g4 Nd7 11. h4 f5 12. h5 fxg4 13. hxg6 hxg6 14. Bxg4 Bf7 15. Qf3 Re8 16. O-O-O Nf8 17. Qh3 Na5 18. f5 Nxb3+ 19. axb3 Qa5 20. Kb1 Rad8 21. fxg6 Bxg6 22. Rd5 Qb4 23. Rg5 1-0

[Event "Campionato europeo 2007"]
[Site "Dresda GER"]
[Date "2007.04.09"]
[Round "7.79"]
[White "Lupulescu, Constantin"]
[Black "Williams, Simon"]
[Result "1-0"]
[WhiteElo "2565"]
[BlackElo "2487"]
[PlyCount "63"]
[EventDate "2007.04.03"]
[Source "www.chesslib.no"]
[SourceDate "2004.05.04"]

1. e4 c5 2. Nf3 d6 3. d4 cxd4 4. Nxd4 Nf6 5. Nc3 g6 6. Be3 a6 7. f3 b5 8. Qd2 Bb7 9. O-O-O Nbd7 10. g4 Ne5 11. g5 Nfd7 12. Kb1 Nb6 13. Qf2 Nec4 14. Bc1 e5 15. Bxc4 Nxc4 16. Nde2 Qc7 17. h4 Rc8 18. Nd5 Bxd5 19. exd5 h5 20. b3 Nb6 21. Ng3 Bg7 22. f4 exf4 23. Rhe1+ Kd7 24. Ne4 Rhe8 25. Bb2 Re5 26. Rd2 Na4 27. bxa4 bxa4 28. Kc1 Qc4 29. Bxe5 Bxe5 30. Nf6+ Kd8 31. Qb6+ Rc7 32. Qxd6+ 1-0

[Event "Gausdal zt"]
[Site "Gausdal"]
[Date "1985.??.??"]
[Round "?"]
[White "Hjartarson, Johann"]
[Black "Larsen, Bent"]
[Result "1/2-1/2"]
[WhiteElo "2530"]
[BlackElo "2520"]
[PlyCount "102"]
[EventDate "1985.01.??"]
[Source "ChessBase"]

1. e4 c5 2. Nf3 Nc6 3. d4 cxd4 4. Nxd4 g6 5. Nc3 Bg7 6. Be3 Nf6 7. Bc4 O-O 8. Bb3 d6 9. f3 Nd7 10. Qd2 Nc5 11. O-O-O Nxb3+ 12. cxb3 Qa5 13. Kb1 f5 14. exf5 Bxf5+ 15. Nxf5 Qxf5+ 16. Ne4 Rad8 17. Qd5+ Qxd5 18. Rxd5 Rf5 19. Rhd1 Rxd5 20. Rxd5 Rf8 21. a3 Rf5 22. Nc3 Rxd5 23. Nxd5 Kf7 24. b4 Ke6 25. Nf4+ Kd7 26. b5 Nd4 27. a4 b6 28. Nd5 Nf5 29. Bf2 Bd4 30. Be1 e6 31. Nb4 Bc5 32. Nc6 a5 33. g4 Ne3 34. Bf2 Nc4 35. Be1 Kc7 36. Kc2 Ne3+ 37. Kd3 Nd5 38. Bd2 Kd7 39. Ke4 Bg1 40. h3 Bc5 41. Kd3 e5 42. Kc4 Nc7 43. b4 axb4 44. Nxb4 Ke6 45. Na6 d5+ 46. Kd3 Bd6 47. Be3 d4 48. Nxc7+ Bxc7 49. Bd2 Kd5 50. Bc1 Bd6 51. Bb2 Bb4 1/2-1/2

[Event "France 81/187"]
[Site "?"]
[Date "2001.??.??"]
[Round "?"]
[White "Nataf, I.-A."]
[Black "Prie, E."]
[Result "1/2-1/2"]
[WhiteElo "2552"]
[BlackElo "2490"]
[PlyCount "79"]
[EventDate "2001.??.??"]
[Source "Chess Informant"]
[SourceDate "2001.02.01"]

1. e4 c5 2. Nf3 Nc6 3. d4 cxd4 4. Nxd4 g6 5. Nc3 Bg7 6. Be3 Nf6 7. Bc4 O-O 8. Bb3 d6 9. f3 Nxd4 10. Bxd4 Be6 11. Qd2 Rc8 12. Nd5 Bxd5 13. exd5 Nd7 14. Bxg7 Kxg7 15. h4 Nf6 16. O-O-O Rc5 17. Kb1 a5 18. a3 Qd7 19. g4 Rfc8 20. Qd4 Kg8 21. h5 b5 22. Rh2 R8c7 23. Re2 Qc8 24. c3 Qf8 25. Rde1 g5 26. f4 gxf4 27. g5 Nxh5 28. Rh2 Qg7 29. Qd1 Ng3 30. Qg4 a4 31. Bc2 e5 32. dxe6 Re5 33. Rd1 Qxg5 34. Qf3 d5 35. Rxh7 Re7 36. Qd3 fxe6 37. Rxe7 Qxe7 38. Qxb5 Kg7 39. Qxa4 Qf7 40. Rd4 1/2-1/2